000 01230cam a22002174a 4500
005 20250605163931.0
008 250528s ||||||||||||||||||||||||d
035 _a14669
020 _a471572543
040 _aGR-AtMCL
_bgre
_dGR-AtMCL
_eAACR2
245 1 _aChild Psychology / The Modern Science
260 _bJohn Wiley And Sons, Inc,
_c1992
300 _a668
520 _aFoundations of a Science, Introduction and Perspective, Theories of Child Development, Research Methods, Biological and Physical Development, Genetics: The Biological Context of Development, Prenatal Development, Birth and Physical Growth and the Development of Skill, Cognitive Development, Sensory and Perceptual Development, Cognitive Development: The Piagetian Approach, Cognitive Development: The Information-Processingt Approach, Cognitive Development: The Psychometric Approach, Language Development, Social and Personality Development, Early Social and Emotional Development, Moral Development, The Development of the Self, Gender-Role Development and Sex Differences, Peer Relations.
700 1 _aHaith Marshall M
_9409
700 1 _aMiller Scott A
_9141
700 1 _aVasta Ross
_9410
942 _cBK
999 _c292
_d292